[Event "IECG CP.2001.P.00081"]
[Site "IECG email"]
[Date "2001.10.01"]
[Round "?"]
[White "Joslin, Paul"]
[Black "Della Valle, Massimo"]
[Result "0-1"]
[WhiteElo "1850"]
[BlackElo "1655"]
[PlyCount "48"]
[EventDate "2001.10.01"]
[EventType "tourn (corr)"]
[EventRounds "6"]
[SourceTitle "Corr 2008"]
[Source "ChessBase"]
[SourceDate "2008.06.24"]
[SourceVersion "1"]
[SourceVersionDate "2008.06.24"]
[SourceQuality "1"]

1. e4 e5 2. Nf3 Nf6 3. Nxe5 d6 4. Nf3 Nxe4 5. d4 d5 6. Bd3 Nc6 7. 0-0 Be7 8. c4 Nf6 9. Nc3 0-0 10. h3 Nb4 11. Be2 dxc4 12. Bxc4 c6 13. a3 Nbd5 14. Bg5 Re8 15. Re1 Be6 16. Qc2 Nc7 17. Bd3 h6 18. Bh4 Ncd5 19. Re2 Nf4 20. Re3 Qd7 21. Bg3 Nxd3 22. Qxd3 Rad8 23. Rd1 Nd5 24. Ne5 Nxe3 0-1

[Event "IECC CL4-2001.24"]
[Site "IECC email"]
[Date "2001.07.17"]
[Round "?"]
[White "Pascual, Orlando B"]
[Black "Joslin, Paul"]
[Result "1-0"]
[WhiteElo "1657"]
[BlackElo "1714"]
[PlyCount "53"]
[EventDate "2001.??.??"]
[EventType "tourn (corr)"]
[EventRounds "4"]
[SourceTitle "Corr 2008"]
[Source "ChessBase"]
[SourceDate "2008.06.24"]
[SourceVersion "1"]
[SourceVersionDate "2008.06.24"]
[SourceQuality "1"]

1. d4 Nf6 2. Nf3 g6 3. g3 Bg7 4. Bg2 0-0 5. 0-0 d6 6. b3 Nbd7 7. Bb2 e5 8. e3 Qe7 9. c4 Ne8 10. Nc3 e4 11. Nd5 Qd8 12. Nd2 c6 13. Nf4 g5 14. Nh5 d5 15. f3 exf3 16. Qxf3 Ndf6 17. Nxg7 Kxg7 18. e4 Bg4 19. Qe3 h6 20. exd5 cxd5 21. Qe5 Nc7 22. Rxf6 Qxf6 23. Qxc7 Qe6 24. Qe5+ Qxe5 25. dxe5 dxc4 26. Nxc4 Rab8 27. Nd6 1-0